000 00402nam a2200181Ia 4500
008 220531s9999 xx 000 0 und d
041 _aeng
082 _bDES
100 _aDeshmukh, B. A.
_948501
245 _aTribal Education
250 _a1ST
260 _bSonali
_c2004
300 _a224
542 _d31-03-2006
650 _aSociology
_948502
906 _d2005-2006
999 _c28378
_d28378